Cien años de soledad : una interpretación /

Estudio sobre Cien años de soledad, cuya autora parte de la idea de que la novela está armada sobre un árbol genealógico y sobre el mito de Edipo, ejes que aportan, por un lado, el fundamento del relato, y por otro, el fundamento de la actividad de la lectura, asentada en dos niveles, el real (basad...

Whakaahuatanga katoa

I tiakina i:
Ngā taipitopito rārangi puna kōrero
Kaituhi matua: Ludmer, Josefina (autor)
Hōputu: Pukapuka
Reo:Pāniora
I whakaputaina: Buenos Aires, Argentina : Tiempo Contemporáneo, 1972, c1972
Rangatū:(Trabajo Crítico)
Ngā marau:
Ngā Tūtohu: Tāpirihia he Tūtohu
Kāore He Tūtohu, Me noho koe te mea tuatahi ki te tūtohu i tēnei pūkete!

MARC

LEADER 00000nam^a2200000^a^4500
001 000142943
005 20250521000000.0
009 20260310095707.285
037 |a Acervo ITESO - Biblioteca 
041 |a ESP 
082 |a 860. 98610633  |b LUD 
100 |a Ludmer, Josefina  |e (autor) 
245 1 0 |a Cien años de soledad :  |b una interpretación /  |c J. Ludmer. 
264 4 |a Buenos Aires, Argentina :  |b Tiempo Contemporáneo,  |c 1972, c1972 
300 |a 222 p. 
336 |a texto  |b txt  |2 rdacontenido 
337 |a sin mediación  |b n  |2 rdamedio 
338 |a volumen  |b nc  |2 rdasoporte 
440 1 |a (Trabajo Crítico) 
520 |a Estudio sobre Cien años de soledad, cuya autora parte de la idea de que la novela está armada sobre un árbol genealógico y sobre el mito de Edipo, ejes que aportan, por un lado, el fundamento del relato, y por otro, el fundamento de la actividad de la lectura, asentada en dos niveles, el real (basado en el árbol genealógico) y el ideológico (relacionado con el mito de Edipo). 
545 0 |a El justamente reconocido Gabriel García Márquez (Aracataca, 1928 - Ciudad de México, 2014) inició su trayectoria en el diario El Universal, de la ciudad de Cartagena, hacia 1948-1949. Su narrativa, de la que también forman parte sus guiones cinematográficos, e incluso muchos de sus textos periodísticos, se declara heredera de Faulkner -el propio García Márquez dixit- y también de las cosmovisiones mágicas que caracterizan el ámbito popular latinoamericano. Razón esta última que hace del colombiano uno de los padres del llamado realismo mágico y protagonista indiscutible del famoso "boom latinoamericano", que entre 1960 y 1980 regaló gran literatura al mundo. Cien años de soledad (1967) representa, sin duda, la culminación de ese universo. Su obra novelística comenzó con La hojarasca (1955), a la que siguieron títulos como El coronel no tiene quien le escriba (1961), Los funerales de la Mamá Grande (1962), La mala hora (1962), El otoño del patriarca (1975), Crónica de una muerte anunciada (1981), El amor en los tiempos del cólera (1987), El general en su laberinto (1989), Doce cuentos peregrinos (1992), Noticia de un secuestro (1996) y Vivir para contarla (2002), entre otros. Ganador del Premio Rómulo Gallegos en 1973, su maestría fue reconocida en 1982 con el Premio Nobel de Literatura. 
586 |a Premio Nobel de Literatura 1982: Biografías, crítica e interpretación 
649 |a XX 
650 |a Escritores Colombianos 
650 |a Novela Colombiana -  |x Historia y Crítica 
650 |a Psicoanálisis y Literatura -  |z Colombia -  |x Historia y Crítica 
650 |a Literatura Colombiana -  |x Historia y Crítica 
650 |a Literatura Colombiana -  |y Siglo XX 
650 |a Ideología 
650 |a Complejo de Edipo 
650 |a García Márquez, Gabriel -  |x Tema Principal 
910 |a Fondo Salvador Reynoso Reynoso 
920 |a Impresos - Libros 
930 |a Fondos Especiales 
940 |a Literatura 
905 |a 112 
901 |a 0800015598  |b IT2  |c ESP  |u 20250521 
902 |a https://opac.biblio.iteso.mx/vufind/Record/000142943